<?xml version="1.0" encoding="UTF-8"?><?xml-stylesheet type="text/xsl" href="static/style.xsl"?><OAI-PMH xmlns="http://www.openarchives.org/OAI/2.0/" xmlns:xsi="http://www.w3.org/2001/XMLSchema-instance" xsi:schemaLocation="http://www.openarchives.org/OAI/2.0/ http://www.openarchives.org/OAI/2.0/OAI-PMH.xsd"><responseDate>2026-04-27T01:59:11Z</responseDate><request verb="GetRecord" identifier="oai:repisalud.isciii.es:20.500.12105/10175" metadataPrefix="marc">https://repisalud.isciii.es/rest/oai/request</request><GetRecord><record><header><identifier>oai:repisalud.isciii.es:20.500.12105/10175</identifier><datestamp>2024-05-21T11:02:18Z</datestamp><setSpec>com_20.500.12105_2203</setSpec><setSpec>com_20.500.12105_2202</setSpec><setSpec>col_20.500.12105_19505</setSpec><setSpec>col_20.500.12105_19585</setSpec></header><metadata><record xmlns="http://www.loc.gov/MARC21/slim" xmlns:dcterms="http://purl.org/dc/terms/" xmlns:doc="http://www.lyncode.com/xoai" xmlns:xsi="http://www.w3.org/2001/XMLSchema-instance" xsi:schemaLocation="http://www.loc.gov/MARC21/slim http://www.loc.gov/standards/marcxml/schema/MARC21slim.xsd">
   <leader>00925njm 22002777a 4500</leader>
   <datafield ind2=" " ind1=" " tag="042">
      <subfield code="a">dc</subfield>
   </datafield>
   <datafield ind2=" " ind1=" " tag="720">
      <subfield code="a">Instituto de Salud Carlos III. Centro Nacional de Epidemiología</subfield>
      <subfield code="e">author</subfield>
   </datafield>
   <datafield ind2=" " ind1=" " tag="260">
      <subfield code="c">2010-01-23</subfield>
   </datafield>
   <datafield ind2=" " ind1=" " tag="520">
      <subfield code="a">En la semana 03/2010 la actividad gripal en España disminuye con respecto a la semana previa de vigilancia y se siguen registrando valores de incidencia de gripe por debajo del umbral basal, tras la onda pandémica que alcanzó un pico en la semana 46/2009 con 372,70 casos/100.0000 habitantes. La tasa de incidencia de gripe es de 21,60 casos por 100.000 habitantes. 
En todas las redes del sistema se señala una incidencia de gripe con valores propios del periodo pre-epidémico. La evolución de la enfermedad es estable en la mayoría del territorio sujeto a vigilancia. 
Continúa la disminución en la intensidad de la circulación viral que se limita esta semana a detecciones esporádicas de virus de la gripe. En sistemas centinela sólo se ha notificado una detección de virus de la gripe B. El 80% del total de detecciones corresponde a virus pandémico AnH1N11. 
El porcentaje de muestras positivas a virus gripales alcanzó un valor máximo en la semana 43/2009 (69%) y desde entonces ha disminuido paulatinamente. En la semana 03/2010 este indicador de intensidad de la circulación viral ha sido de 1,1% lo que supone una considerable reducción con respecto a la semana previa de vigilancia.  
 Se ha detectado un exceso de mortalidad por todas las causas en la semana 51/2009, cinco semanas después del pico de la onda pandémica gripal registrado en la semana 46/2009, que coincide en el tiempo con una notable bajada de temperaturas y la publicación de una alerta por ola de frío en los días 19 y 20 de diciembre de 2009.</subfield>
   </datafield>
   <datafield ind1="8" ind2=" " tag="024">
      <subfield code="a">http://hdl.handle.net/20.500.12105/10175</subfield>
   </datafield>
   <datafield tag="653" ind2=" " ind1=" ">
      <subfield code="a">Gripe</subfield>
   </datafield>
   <datafield tag="653" ind2=" " ind1=" ">
      <subfield code="a">Vigilancia epidemiológica</subfield>
   </datafield>
   <datafield ind2="0" ind1="0" tag="245">
      <subfield code="a">La circulación del virus AnH1N1 se reduce considerablemente en España    Vigilancia de la gripe en España  Semana 03/2010 (del 17 al 23 de enero de 2010)</subfield>
   </datafield>
</record></metadata></record></GetRecord></OAI-PMH>